000 00395nam a2200145Ia 4500
008 231129s1999||||xx |||||||||||||| ||spa||
020 _a958-30-0684-X
040 _bspa
082 _aCo863.6 R896e
100 _aRubiano Vargas Roberto
245 0 _aEn la ciudad de los monstruos perdidos
260 _c1999
264 _aPanamericana
942 _2ddc
_cBKS
999 _c12888
_d12888